| 000 | 00609nam a2200205 a 4500 | ||
|---|---|---|---|
| 001 | 3270 | ||
| 003 | CDMR | ||
| 005 | 20131204121010.0 | ||
| 008 | 130130s1983||||||||||||||||||||||||||||d | ||
| 020 | _a847112212X | ||
| 040 |
_aCDMR _bcat _cCDMR |
||
| 100 | 1 |
_aLe Bon, Gustave _92369 |
|
| 245 | 1 | 0 |
_aPsicología de las masas _cpor Gustave Le Bon ; traducido por Alfredo Guerra Miralles ; prólogo por Florencio Jiménez Burillo |
| 260 |
_aMadrid _c1983 _bMorata |
||
| 300 | _a148 p. | ||
| 490 | 0 | _aSociología. Demos | |
| 650 | 0 | 4 |
_94443 _aPsicologia social |
| 650 | 0 | 4 |
_94172 _aSocietat de massa |
| 942 |
_cMON _2udc |
||
| 999 |
_c3270 _d3270 |
||